Most appeared characters in Criminal Minds - Statistics

General Stats
  • This quiz has been taken 610 times
    305 since last reset
  • The average score is 28 of 62
Answer Stats
Hint Answer % Correct
257 Aaron Hotchner
99%
324 Jennifer Jareau
99%
343 Penelope Garcia
99%
324 Dr Spencer Reid
98%
216 Emily Prentiss
97%
295 David Rossi
95%
253 Derek Morgan
95%
47 Jason Gideon
94%
28 Elle Greenaway
86%
90 Luke Alvez
85%
24 Erin Strauss
78%
27 William LaMontagne Jr
78%
49 Matt Simmons
77%
108 Dr Tara Lewis
76%
22 Jack Hotchner
76%
48 Alex Blake
75%
14 Haley Hotchner
74%
7 George Foyet
73%
12 Henry LaMontagne
72%
23 Kate Callahan
69%
6 Ian Doyle
64%
13 Ashley Seaver
60%
4 Cat Adams
60%
20 Kevin Lynch
59%
10 Diana Reid
56%
10 Savannah Hayes
53%
15 Stephen Walker
49%
8 Jordan Todd
47%
5 Dr Maeve Donovan
44%
6 Mateo Cruz
41%
7 Beth Clemmons
39%
6 Jessica Brooks
39%
4 Joy Rossi
38%
18 Grant Anderson
34%
6 Peter Lewis
34%
21 Elias Voit
32%
6 Meg Callahan
28%
6 Everett Lynch
22%
7 Krystall Richards
22%
4 Linda Barnes
22%
4 Lindsey Vaughn
22%
18 Tyler Green
22%
8 Kristy Simmons
21%
4 Grace Lynch
20%
4 Andrew Mendoza
19%
8 Doug Bailey
16%
5 Clyde Easter
14%
5 Jade Waters
13%
13 Rebecca Wilson
13%
5 Calvin Shaw
12%
4 Damien Booth
12%
4 Fiona Duncan
11%
5 Lionel Wilkins
11%
4 Markayla Davis
11%
8 Sydney Voit
11%
4 Vincent Orlov
11%
4 Agent Smith
10%
4 Brian Garrity
10%
6 Dr Weiss
10%
11 Gina Sharp
10%
5 Harlow Voit
10%
5 Holly Voit
10%
No matching quizzes found
Score Distribution
Percent of People with Each Score
Percentile by Number Answered
Your Score History
You have not taken this quiz since the last reset